| 000 | 01027nam a2200229 a 4500 | ||
|---|---|---|---|
| 001 | 000185536 | ||
| 003 | AM-YeHGA | ||
| 005 | 20250617123720.0 | ||
| 008 | 950417s1990 ru |||||||||||||||||rus d | ||
| 020 | _a5745503068 | ||
| 040 | _aAM-YeHGA | ||
| 041 | 0 | _arus | |
| 100 | 1 | _aКрюков, Юрий Григорьевич | |
| 245 | 1 | 0 |
_aСхемотехника и автоматизация проектирования линейных интегральных схем с инжекционным питанием / _cЮ.Г. Крюков, Н.А. Ус. |
| 260 |
_aВоронеж : _bИзд-во Воронежского ун-та, _c1990. |
||
| 300 |
_a167 с. _bил. ; _c20 см. |
||
| 504 | _aБиблиогр.: с. 142-147 (62 назв.) | ||
| 650 | 1 | 4 | _aМикроэлектронные схемы интегральные большие с инжекционным питанием - Проектирование |
| 700 | 1 | _aУс, Николай Александрович | |
| 942 |
_2udc _cBK |
||
| 090 | _c65438 | ||
| 999 |
_c64334 _d64334 |
||